[Event "GER-chT U14 Girls"]
[Site "Magdeburg"]
[Date "2012.12.30"]
[Round "7.2"]
[White "Le, Kim Anh"]
[Black "Schwind, Clara"]
[Result "1/2-1/2"]
[WhiteElo "982"]
[BlackElo "1375"]
[PlyCount "56"]
[EventDate "2012.12.27"]
[EventType "team-swiss"]
[EventRounds "7"]
[EventCountry "GER"]
[SourceTitle "EXT 2014"]
[Source "ChessBase"]
[SourceDate "2013.11.20"]
[SourceVersion "1"]
[SourceVersionDate "2013.11.20"]
[SourceQuality "1"]
[WhiteTeam "Gernsheim"]
[BlackTeam "Mainaschaff"]
[WhiteTeamCountry "GER"]
[BlackTeamCountry "GER"]

1. e4 c5 2. Nf3 Nc6 3. d4 cxd4 4. Nxd4 g6 5. Nc3 Bg7 6. Nf3 Nf6 7. Bc4 0-0 8. 0-0 d6 9. h3 Bd7 10. Be3 Qc8 11. Qe2 Be6 12. Bxe6 Qxe6 13. Bd2 Ne5 14. b3 Nxf3+ 15. Qxf3 Nd7 16. Rae1 Ne5 17. Qg3 Nc6 18. Nd5 Qd7 19. Bc3 Nd4 20. Qd3 e5 21. f4 Qb5 22. fxe5 Qxd3 23. cxd3 Bxe5 24. Ba1 Nc2 25. Ne7+ Kg7 26. Bxe5+ dxe5 27. Rc1 Nb4 28. Rc7 b6 1/2-1/2

[Event "GER-chT U14 Girls"]
[Site "Magdeburg"]
[Date "2012.12.29"]
[Round "5.2"]
[White "Lohrmann, Tabea"]
[Black "Schwind, Clara"]
[Result "1/2-1/2"]
[WhiteElo "1461"]
[BlackElo "1375"]
[PlyCount "57"]
[EventDate "2012.12.27"]
[EventType "team-swiss"]
[EventRounds "7"]
[EventCountry "GER"]
[SourceTitle "EXT 2014"]
[Source "ChessBase"]
[SourceDate "2013.11.20"]
[SourceVersion "1"]
[SourceVersionDate "2013.11.20"]
[SourceQuality "1"]
[WhiteTeam "Freiburg Zaehringen"]
[BlackTeam "Mainaschaff"]
[WhiteTeamCountry "GER"]
[BlackTeamCountry "GER"]

1. e4 c5 2. Nf3 Nc6 3. d4 cxd4 4. Nxd4 g6 5. Nc3 Bg7 6. Nb3 Nf6 7. Be3 0-0 8. Qd2 d6 9. 0-0-0 Be6 10. Kb1 Re8 11. f3 a6 12. g4 Bxg4 13. fxg4 Nxg4 14. Be2 Nce5 15. Bxg4 Nxg4 16. h3 Ne5 17. Rdf1 Rc8 18. Rhg1 Nc4 19. Qe2 Nxe3 20. Qxe3 Bxc3 21. bxc3 Qc7 22. Rg3 Qc4 23. Rf2 Rc6 24. h4 Rec8 25. Rff3 Qe6 26. Qf4 h5 27. Qg5 Kh7 28. Qf4 f6 29. Nd4 1/2-1/2

[Event "GER-chT U14 Girls"]
[Site "Magdeburg"]
[Date "2012.12.28"]
[Round "4.2"]
[White "Schwind, Clara"]
[Black "Romanova, Alena"]
[Result "0-1"]
[WhiteElo "1375"]
[BlackElo "1590"]
[PlyCount "62"]
[EventDate "2012.12.27"]
[EventType "team-swiss"]
[EventRounds "7"]
[EventCountry "GER"]
[SourceTitle "EXT 2014"]
[Source "ChessBase"]
[SourceDate "2013.11.20"]
[SourceVersion "1"]
[SourceVersionDate "2013.11.20"]
[SourceQuality "1"]
[WhiteTeam "Mainaschaff"]
[BlackTeam "Karlsruhe 1853"]
[WhiteTeamCountry "GER"]
[BlackTeamCountry "GER"]

1. e4 e6 2. d4 d5 3. exd5 exd5 4. Nf3 Nf6 5. Be2 Nc6 6. Nc3 Bf5 7. Bf4 Bd6 8. Bxd6 Qxd6 9. Qd2 0-0 10. 0-0 Ne4 11. Qe1 Nb4 12. Nb5 Qe7 13. Bd3 c6 14. Nc3 Rfe8 15. Qe3 Qc7 16. Rfe1 Kf8 17. Ne5 f6 18. Qf4 Qc8 19. Nf3 g5 20. Qc1 Nxc3 21. Bxf5 Qxf5 22. bxc3 Nxc2 23. Rxe8+ Rxe8 24. Rb1 b6 25. Qd2 Nxd4 26. Rd1 Nxf3+ 27. gxf3 Qxf3 28. Qd4 Re2 29. c4 c5 30. Qe3 Rxe3 31. fxe3 Qxd1+ 0-1

[Event "GER-chT U14 Girls"]
[Site "Magdeburg"]
[Date "2012.12.27"]
[Round "1.2"]
[White "Schwind, Clara"]
[Black "Kempe, Anne"]
[Result "0-1"]
[WhiteElo "1375"]
[BlackElo "1660"]
[PlyCount "92"]
[EventDate "2012.12.27"]
[EventType "team-swiss"]
[EventRounds "7"]
[EventCountry "GER"]
[SourceTitle "EXT 2014"]
[Source "ChessBase"]
[SourceDate "2013.11.20"]
[SourceVersion "1"]
[SourceVersionDate "2013.11.20"]
[SourceQuality "1"]
[WhiteTeam "Mainaschaff"]
[BlackTeam "Chemnitz Aufbau"]
[WhiteTeamCountry "GER"]
[BlackTeamCountry "GER"]

1. e4 c5 2. Nf3 d6 3. d4 cxd4 4. Nxd4 Nf6 5. Nc3 Nc6 6. Bb5 Bd7 7. 0-0 g6 8. Be3 Bg7 9. Nxc6 Bxc6 10. Bxc6+ bxc6 11. Qd2 Ng4 12. Bf4 0-0 13. h3 Ne5 14. Bh6 Nc4 15. Qc1 Bxh6 16. Qxh6 Nxb2 17. h4 Qa5 18. Ne2 Qe5 19. Ng3 Nc4 20. Rab1 Rab8 21. Rfe1 Rb2 22. Rxb2 Qxb2 23. Qg5 Qf6 24. Rb1 Qxg5 25. hxg5 Nb6 26. Rb3 f6 27. gxf6 exf6 28. Ne2 Re8 29. Nd4 c5 30. Nb5 Rxe4 31. Nxa7 Rb4 32. Nb5 Rxb3 33. axb3 d5 34. Kf1 Kf7 35. Ke2 Ke6 36. Nc7+ Ke5 37. Na6 Kd6 38. b4 cxb4 39. Nxb4 Kc5 40. Nd3+ Kd4 41. Kd2 Nc4+ 42. Kd1 Ne5 43. Kd2 Nxd3 44. cxd3 h5 45. Ke2 Kc3 46. Ke3 d4+ 0-1

[Event "GER-chT U18 Girls"]
[Site "Germany"]
[Date "2012.05.06"]
[Round "7.3"]
[White "Schwind, Clara"]
[Black "Winterberg, Johanna"]
[Result "1-0"]
[WhiteElo "1396"]
[BlackElo "1210"]
[PlyCount "113"]
[EventDate "2012.05.04"]
[EventType "team-swiss"]
[EventRounds "7"]
[EventCountry "GER"]
[SourceTitle "EXT 2014"]
[Source "ChessBase"]
[SourceDate "2013.11.20"]
[SourceVersion "1"]
[SourceVersionDate "2013.11.20"]
[SourceQuality "1"]
[WhiteTeam "Aschaffenburg FDG (W)"]
[BlackTeam "Bad Langensalza (W)"]
[WhiteTeamCountry "GER"]
[BlackTeamCountry "GER"]

1. e4 c5 2. Nf3 Nc6 3. d4 cxd4 4. Nxd4 Nf6 5. Nc3 d6 6. Bb5 Bd7 7. 0-0 a6 8. Nxc6 Bxc6 9. Bxc6+ bxc6 10. Qf3 c5 11. Be3 Nd7 12. Rad1 g6 13. Qg3 Bg7 14. f4 Bxc3 15. bxc3 Qa5 16. Bd2 Qxa2 17. Qd3 c4 18. Qd4 Rg8 19. Qd5 Nb6 20. Qc6+ Kf8 21. Qxb6 Qxc2 22. Qc6 Kg7 23. Qxc4 a5 24. Qd4+ Kf8 25. Rc1 Qb2 26. Rb1 Qa3 27. Ra1 Qc5 28. Ra4 Qxd4+ 29. cxd4 Kg7 30. Rxa5 Rxa5 31. Bxa5 Ra8 32. Ra1 Kf8 33. Bc3 Rc8 34. Ra3 Ke8 35. Kf2 Kd7 36. d5 e6 37. Ke3 exd5 38. exd5 Rc5 39. Kd4 h6 40. Ra2 Ke7 41. g4 Kf6 42. Kd3+ Ke7 43. Re2+ Kd7 44. Kd4 Kc7 45. Re7+ Kb6 46. Rxf7 Kb5 47. Rb7+ Ka6 48. Rb3 Rb5 49. Rxb5 Kxb5 50. f5 gxf5 51. gxf5 Ka4 52. f6 Kb3 53. f7 h5 54. f8Q h4 55. Qb8+ Kc2 56. Qb2+ Kd1 57. Qd2# 1-0

[Event "GER-chT U18 Girls"]
[Site "Germany"]
[Date "2011.05.14"]
[Round "5.4"]
[White "Meinschien, Silke"]
[Black "Schwind, Clara"]
[Result "1/2-1/2"]
[WhiteElo "800"]
[BlackElo "1313"]
[PlyCount "69"]
[EventDate "2011.05.13"]
[EventType "team-swiss"]
[EventRounds "7"]
[EventCountry "GER"]
[SourceTitle "EXT 2012"]
[Source "ChessBase"]
[SourceDate "2011.11.24"]
[SourceVersion "1"]
[SourceVersionDate "2011.11.24"]
[SourceQuality "1"]
[WhiteTeam "Stade Athenaeum (W)"]
[BlackTeam "Aschaffenburg FDG (W)"]
[WhiteTeamCountry "GER"]
[BlackTeamCountry "GER"]

1. d4 d5 2. Nf3 Nf6 3. g3 Bf5 4. Bg2 e6 5. 0-0 Bd6 6. Bg5 h6 7. Bxf6 Qxf6 8. c3 0-0 9. Nbd2 Nd7 10. Rc1 c5 11. c4 cxd4 12. cxd5 e5 13. e4 Bh7 14. Qe2 Nb6 15. Nc4 Nxc4 16. Rxc4 Rac8 17. Rcc1 Qe7 18. Nd2 Rfe8 19. Nc4 Bc7 20. a3 b5 21. d6 Bxd6 22. Nxd6 Qxd6 23. Qxb5 Rb8 24. Qe2 Rec8 25. b4 Rd8 26. Rfd1 Rbc8 27. Rc2 Rxc2 28. Qxc2 Qd7 29. Qe2 Rc8 30. h3 Rc3 31. Rd3 Rc1+ 32. Rd1 Rc3 33. Rd3 Rc1+ 34. Rd1 Rc3 35. Rd3 1/2-1/2

[Event "GER-ch Schools U18 Girls"]
[Site "Germany"]
[Date "2009.05.17"]
[Round "4.4"]
[White "Freesemann, Tanja"]
[Black "Schwind, Clara"]
[Result "1/2-1/2"]
[WhiteElo "800"]
[BlackElo "1018"]
[PlyCount "96"]
[EventDate "2009.05.16"]
[EventType "team-swiss"]
[EventRounds "7"]
[EventCountry "GER"]
[SourceTitle "EXT 2011"]
[Source "ChessBase"]
[SourceDate "2010.11.26"]
[SourceVersion "1"]
[SourceVersionDate "2010.11.26"]
[SourceQuality "1"]
[WhiteTeam "Jever (W)"]
[BlackTeam "Aschaffenburg FDG (W)"]
[WhiteTeamCountry "GER"]
[BlackTeamCountry "GER"]

1. e4 c5 2. Nc3 Nc6 3. g3 Nf6 4. Bg2 g6 5. d3 Bg7 6. Nf3 d6 7. Bd2 0-0 8. 0-0 d5 9. Ng5 dxe4 10. Ngxe4 Nxe4 11. Bxe4 Bh3 12. Re1 h5 13. Qe2 Bg4 14. f3 Nd4 15. Qd1 Bc8 16. Rb1 a5 17. Nd5 e6 18. Nf4 Rb8 19. c3 Nb5 20. Be3 b6 21. Rc1 Bb7 22. Bf2 Bxe4 23. Rxe4 Nc7 24. Qd2 Bh6 25. Be3 Re8 26. Nxh5 Bxe3+ 27. Qxe3 Rf8 28. Qh6 Ne8 29. d4 cxd4 30. Rxd4 Qe7 31. Rcd1 Rc8 32. Kg2 e5 33. Rd7 Qc5 34. Rd8 Rxd8 35. Rxd8 gxh5 36. Qg5+ Ng7 37. Rd2 Qc6 38. Qxe5 Re8 39. Qf4 Qe6 40. Kf2 Qe1+ 41. Kg2 Re2+ 42. Rxe2 Qxe2+ 43. Kh3 Qe6+ 44. Kg2 Qe2+ 45. Kh3 Qe6+ 46. Kg2 Qe2+ 47. Kg1 Qe1+ 48. Kg2 Qe2+ 1/2-1/2

[Event "GER-ch Schools U18 Girls"]
[Site "Germany"]
[Date "2009.05.16"]
[Round "1.4"]
[White "Schwind, Clara"]
[Black "Walther, Laura"]
[Result "1/2-1/2"]
[WhiteElo "1018"]
[BlackElo "800"]
[PlyCount "99"]
[EventDate "2009.05.16"]
[EventType "team-swiss"]
[EventRounds "7"]
[EventCountry "GER"]
[SourceTitle "EXT 2011"]
[Source "ChessBase"]
[SourceDate "2010.11.26"]
[SourceVersion "1"]
[SourceVersionDate "2010.11.26"]
[SourceQuality "1"]
[WhiteTeam "Aschaffenburg FDG (W)"]
[BlackTeam "Magdeburg WvSG (W)"]
[WhiteTeamCountry "GER"]
[BlackTeamCountry "GER"]

1. e4 e5 2. Nf3 Nc6 3. d4 exd4 4. Nxd4 Nxd4 5. Qxd4 Nf6 6. Nc3 d6 7. Bc4 Bg4 8. 0-0 Be7 9. Bf4 0-0 10. h3 Bh5 11. Qe3 h6 12. Qg3 Bg6 13. Rad1 Nh5 14. Qe3 Bg5 15. Bxg5 hxg5 16. Bb3 c6 17. e5 Re8 18. Rxd6 Qc7 19. Re1 Kh8 20. Rd3 Bxd3 21. cxd3 f6 22. e6 Rad8 23. Bc2 Qd6 24. e7 Rd7 25. Rf1 Rexe7 26. Qd2 b5 27. Re1 b4 28. Nd1 c5 29. Ne3 a5 30. Rf1 Qc6 31. Qd1 g6 32. Ba4 Qd6 33. Bxd7 Qxd7 34. Qb1 f5 35. Nc4 Qd5 36. Nxa5 Nf4 37. f3 Nxd3 38. b3 Kg8 39. Qd1 Qd4+ 40. Kh2 Rd7 41. Nc4 Qf4+ 42. Kg1 Rd4 43. Qe2 Rd8 44. Rd1 Qd4+ 45. Kh2 Qf4+ 46. g3 Qd4 47. Ne5 Re8 48. Qxd3 Qxe5 49. Qc4+ Re6 50. Rd8+ 1/2-1/2